书目信息 |
| 题名: |
塞上江南
|
|
| 作者: | 吴忠礼 , 卢德明 , 吴晓红 著 | |
| 分册: | ||
| 出版信息: | 银川 宁夏人民出版社 2008.09 |
|
| 页数: | 199页 | |
| 开本: | 19cm | |
| 丛书名: | 宁夏历史文化地理丛书 | |
| 单 册: | ||
| 中图分类: | S729.243 | |
| 科图分类: | ||
| 主题词: | ||
| 电子资源: | ||
| ISBN: | 978-7-227-03887-0 | |
| 000 | 01085nam 2200289 450 | |
| 001 | 012009046536 | |
| 005 | 20090429155143.93 | |
| 010 | @a978-7-227-03887-0@dCNY26.00 | |
| 100 | @a20090429d2008 em y0chi0120 ea | |
| 101 | 0 | @achi |
| 102 | @aCN@b630000 | |
| 105 | @aa z 000yy | |
| 106 | @ar | |
| 200 | 1 | @a塞上江南@Asai shang jiang nan@e宁夏引黄灌溉今昔@f吴忠礼, 卢德明, 吴晓红著@Fwu zhong li,lu de ming,wu xiao hong zhu |
| 210 | @a银川@c宁夏人民出版社@d2008.09 | |
| 215 | @a199页@c图@d19cm | |
| 225 | 2 | @a宁夏历史文化地理丛书@Aning xia li shi wen hua di li cong shu |
| 330 | @a本书尽量采用散文化的笔法,把较为深奥的学术问题、难以理解的背景史料尽可能通俗化、形象化、故事化。本丛书共有9本。 | |
| 410 | 0 | @12001 @a宁夏历史文化地理丛书 |
| 517 | 1 | @a宁夏引黄灌溉今昔@Aning xia yin huang guan gai jin xi |
| 607 | @a黄河@Ahuang he@x引水@x灌溉@x水利史@y宁夏 | |
| 690 | @aS729.243@v4 | |
| 701 | 0 | @a吴忠礼@Awu zhong li@4著 |
| 701 | 0 | @a卢德明@Alu de ming@4著 |
| 701 | 0 | @a吴晓红@Awu xiao hong@4著 |
| 801 | 0 | @aCN@bQSSK@c20090429 |
| 905 | @b738842-44@dS729.243@eW923@f3 | |
| 塞上江南:宁夏引黄灌溉今昔/吴忠礼, 卢德明, 吴晓红著.-银川:宁夏人民出版社,2008.09 |
| 199页:图;19cm.-(宁夏历史文化地理丛书) |
| ISBN 978-7-227-03887-0:CNY26.00 |
| 本书尽量采用散文化的笔法,把较为深奥的学术问题、难以理解的背景史料尽可能通俗化、形象化、故事化。本丛书共有9本。 |
| ● |
| 相关链接 |
|
|
|
正题名:塞上江南
索取号:S729.243/W923
 
预约/预借
| 序号 | 登录号 | 条形码 | 馆藏地/架位号 | 状态 | 备注 |
| 1 | 738842 | 207388423 | 自科库401/401自科库 1排1列1层/ [索取号:S729.243/W923] | 在馆 | |
| 2 | 738843 | 207388432 | 自科库401/401自科库 1排1列1层/ [索取号:S729.243/W923] | 在馆 | |
| 3 | 738844 | 207388441 | 自科库401/401自科库 1排1列1层/ [索取号:S729.243/W923] | 在馆 |